| 000 | 00000nam 2200000zi 4500 |
| 001 | 9.936895 |
| 003 | CaOODSP |
| 005 | 20240416152503 |
| 006 | m o d f |
| 007 | cr mn||||||||| |
| 008 | 240416s2020 quca o f000 0 fre d |
| 040 | |aCaOODSP|bfre|erda|cCaOODSP |
| 043 | |an-cn--- |
| 086 | 1 |aEm20-101/2020-1F-PDF |
| 245 | 02|aL'évaluation du programme de la Sécurité de la vieillesse : |bphase II : allocations et report de la pension. |
| 264 | 1|a[Gatineau, Québec] : |bEmploi et deĢveloppement social Canada = Employment and Social Development Canada, |c[2020] |
| 300 | |a1 ressource en ligne (1 page) : |billustrations |
| 336 | |atexte|btxt|2rdacontent/fre |
| 337 | |ainformatique|bc|2rdamedia/fre |
| 338 | |aressource en ligne|bcr|2rdacarrier/fre |
| 500 | |aPublié aussi en anglais sous le titre : Evaluation of the Old Age Security program : phase 2 : allowances and pension deferral. |
| 610 | 16|aCanada. |bEmploi et développement social Canada|xÉvaluation. |
| 650 | 6|aPensions de vieillesse|zCanada|xÉvaluation. |
| 655 | 7|aInfographies|2rvmgf |
| 710 | 1 |aCanada. |bEmploi et développement social Canada. |bDirection de l'évaluation, |eorganisme de publication. |
| 775 | 08|tEvaluation of the Old Age Security program : |w(CaOODSP)9.936894 |
| 856 | 40|qPDF|s314 Ko|uhttps://publications.gc.ca/collections/collection_2024/edsc-esdc/Em20-101-2020-1-fra.pdf |
| 856 | 4 |qHTML|sS.O.|uhttps://www.canada.ca/fr/emploi-developpement-social/ministere/rapports/evaluations/programme-sv-phase-02/sommaire.html |